000 00494nam a2200157Ia 4500
008 220216s9999 xx 000 0 und d
100 _aJoseph Joby
245 0 _aUncertain prices and segmentation of market as a survival strategy:The case of latex processing industry in India
260 _bRubber Science
_cDec-13
300 _a297-303
650 _aCentrifuged latex
650 _aLatex processing industry
650 _aPreseved field latex
700 _aGeorge Tharian K
942 _cJS
999 _c71737
_d71737